LEADER 04058nam 2200577 450 001 9910464346103321 005 20200520144314.0 010 $a0-7391-7736-2 035 $a(CKB)3710000000024783 035 $a(EBL)1466973 035 $a(OCoLC)861080725 035 $a(SSID)ssj0001001958 035 $a(PQKBManifestationID)12449589 035 $a(PQKBTitleCode)TC0001001958 035 $a(PQKBWorkID)10968093 035 $a(PQKB)10359212 035 $a(MiAaPQ)EBC1466973 035 $a(Au-PeEL)EBL1466973 035 $a(CaPaEBR)ebr10780934 035 $a(EXLCZ)993710000000024783 100 $a20131020h20132013 uy 0 101 0 $aeng 135 $aur|n|---||||| 181 $ctxt 182 $cc 183 $acr 200 00$aHuman rights and the Third World $eissues and discourses /$fedited by Subrata Sankar Bagchi and Arnab Das 210 1$aLanham :$cLexington Books,$d[2013] 210 4$d©2013 215 $a1 online resource (420 p.) 300 $aDescription based upon print version of record. 311 $a0-7391-9798-3 311 $a0-7391-7735-4 320 $aIncludes bibliographical references and index. 327 $tUniversal claim and postcolonial realities : the deep unease over western-centered human rights standards in the global South / Marie-Luisa Frick -- Progressive realization of the right to development in India / Clarence J. Dias -- Development and environmental issues vis-a?-vis current perspectives of human rights / Aniruddha Mukhopadhyay and Sayan Bhattacharya -- Human rights and corruption : the case of political corruption and opposition to human rights in Indonesia / Agus Wahyudi -- Human rights and indigenous self-government : the Taiwanese experience / Scott Simon and Awi Mona (Chih-Wei Tsai) -- Colonial continuities, neoliberal-hegemony and adivasi (original dweller) space : human rights as paradox and equivocation in contexts of dispossession in India / Dip Kapoor -- Hindutva politics : impact on human rights / Ram Puniyani -- Human rights violations in India : exploring the societal roots of marginality / Debi Chatterjee -- Media, cultural rights and the Third World / Pranta Pratik Patnaik -- The fault lines in Soviet-style accommodation of minority rights in Ethiopia / Semahagn Gashu -- Human rights and the Third World other / Subrata Sankar Bagchi -- Culture and issues of rights to the eyes of the Indians with "other" self-identities of sexuality and gender / Arnab Das and Pawan Dhall -- Roots and shoots of female feticide in pockets of India : lending voice to the voiceless / Tushar Kanti Saha -- The rights of people living with disability in the Third World context : the Zimbabwean pentecostal concept of "curses and blessings" in the light of disability / Francis Machingura -- The Indian disability rights paradigm : the reality versus rhetoric / Anuradha Saibaba Rajesh -- "People's health in people's hand" : story of a voluntary organization in rural West Bengal / Satyabrata Chakrborty -- Human rights and information society : problematizing India / Dipankar Sinha -- Biotechnology and human rights / Subhasis Mukhopadhyay. 330 $a Human Rights and the Third World: Issues and Discourses deals with the controversial questions on the universalistic notions of human rights. It finds Third World perspectives on human rights and seeks to open up a discursive space in the human rights discourse to address unresolved questions in human rights, citing issues and problems from different countries in the Third World. 606 $aHuman rights$zDeveloping countries 606 $aHuman rights$vCross-cultural studies 608 $aElectronic books. 615 0$aHuman rights 615 0$aHuman rights 676 $a323.09172/4 701 $aBagchi$b Subrata Sankar$f1965-$0886202 701 $aDas$b Arnab$f1963-$0886203 801 0$bMiAaPQ 801 1$bMiAaPQ 801 2$bMiAaPQ 906 $aBOOK 912 $a9910464346103321 996 $aHuman rights and the Third World$91978854 997 $aUNINA LEADER 02163nam 2200421 n 450 001 996394754303316 005 20200824121032.0 035 $a(CKB)3810000000010397 035 $a(EEBO)2264209907 035 $a(UnM)99863295e 035 $a(UnM)99863295 035 $a(EXLCZ)993810000000010397 100 $a19930409d1660 uy | 101 0 $alat 135 $aurbn||||a|bb| 200 10$aCatalogus plantarum circa Cantabrigiam nascentium$b[electronic resource] $ein qua exhibentur quotquot hactenus inventę sunt, quę vel sponte proveniunt, vel in agris feruntur; una? cum synonymis selectioribus, locis natalibus & observationibus quibusdam oppido raris. Adjiciuntur in gratiam tyronum, index Anglico-latinus, index locorum, etymologia nominum, & explicatio quorundam terminorum 210 $aCantabrigię $cExcudebat Joann. Field, celeberrimę academię typographus. Impensis Gulielmi Nealand, bibliopolę$dAnn. Dom. 1660 215 $a[30], 182, [2], 103, [1] p 300 $aBy John Ray. 300 $aTitle printed in red and black. 300 $aTitle pages were printed on both *1 and *2, the former apparently being intended to correct the latter (which has "Catalogus .. in qua exhibentur") and *2 intended to be cancelled. Variant 1: with "in qua" title page; *1 cancelled. Variant 2: both title pages present. 300 $a"Index plantarum agri Cantabrigiensis" has separate dated title page and pagination; register is continuous. 300 $aIncludes indexes. 300 $aAnnotation on Thomason copy: "May". 300 $aReproductions of the originals in the British Library ("Thomason Tracts), and the Henry E. Huntington Library and Art Gallery ("Early English books, 1641-1700"). 330 $aeebo-0158 606 $aBotany$zEngland$zCambridgeshire$xPre-Linnean works 615 0$aBotany$xPre-Linnean works. 700 $aRay$b John$f1627-1705.$0762103 801 0$bCu-RivES 801 1$bCu-RivES 801 2$bCStRLIN 801 2$bCu-RivES 801 2$bWaOLN 906 $aBOOK 912 $a996394754303316 996 $aCatalogus plantarum circa Cantabrigiam nascentium$92319714 997 $aUNISA